000 01041nam0a22002771 4500
001 rc\794659
005 20230525161820.0
035 _a(NLR Aleph) 006319621
090 _a7438022
_c7438022
100 _a20040301d1983 u |0rusy50 ca
101 0 _arus
102 _aRU
105 _aa |||||||||
200 1 _aЭндокринология
_e[Учеб. для мед. ин-тов]
_fА.С. Ефимов, П.Н. Боднар, Б.А. Зелинский
_gПод. ред. А.С. Ефимова
210 _aКиев
_cВища школа
_d1983
215 _a327 с.
_cил.
_d24
320 _aПредм. указ.: с. 324-325
700 1 _aЕфимов
_bА. С.
_cд-р мед. наук
_f1928-2017
_gАндрей Семенович
_3RU\NLR\AUTH\770256364
_4070
701 1 _aБоднар
_bП. Н.
_gПетр Николаевич
701 1 _aЗелинский
_bБ. А.
_gБорис Алексеевич
801 0 _aRU
_bNLR
_gpsbo
801 1 _aRU
_bELAR
_2rusmarc
852 _aNLR
_j84-7/581
942 _cBOOK
980 _aNB